01839cam a22004337a 4500003000500000005001700005008004100022010001000063011001000073020001500083035001000098040000900108090001800117100002900135245015600164260008200320300001000402410006100412490002500473590004100498590004100539590004100580590004200621650003600663650004400699650004200743700003000785700003300815810006800848830003200916901000700948905002300955942000900978949005000987949006601037999001701103952015001120952013501270CHAP20220329142437.0010216d2000 nl r 00110 eng d a83546 a84518 a929118053X a95039 cCHAP aFolleto 1615000aMadkour, Magdy A.96968910aAnalysis of a national biosafety system :bregulatory policies and procedures in Egyptc/by Magdy A. Madkour, Amis S. El Nawawy and Patricia L. Traynor aThe Hague :bInternational Service for National Agricultural Research,c2000. a41 p. aInternational Service for National Agricultural Research 0aCountry reportv; 62 aBATCH-UPDb10c20130110lUCH01h0822 aBATCH-UPDb10c20130410lUCH01h0459 aBATCH-UPDb10c20130914lUCH01h0646 aCONVERSIONb10c20130109lUCH01h134614aBiotecnología vegetal.91289214aIndustriaxMedidas de seguridad.95774914aPolítica agrícolaxEgipto.9903150 aEl Nawawy, Amin S.9361490 aTraynor, Patricia L.911472300aInternational Service for National Agricultural Research9598130 aCountry reportv; 62928631 aBK aLilia Sánchez G. cFOLL aFolleto 16150bBCcTESd950391eTS1i95039sb aFolleto 16150bBCcTESd950392eTS2fc.2gDonaciØni95039sb c83546d83546 00102local4053708FOLLaBCbBCcPA_FOLLETOSd2012-12-17eDonacionfFOLLl0oFolleto 16150p950392r2019-12-31 00:00:00tc.2w2012-12-17yFOLL 00102local4051708FOLLaBCbBCcPA_FOLLETOSd2012-12-17fFOLLl0oFolleto 16150p950391r2019-12-31 00:00:00w2012-12-17yFOLL